000 00851nas a2200265 4500
001 BR7903961
003 BR-BrBNA
005 20231205083815.0
007 ta
008 230509b bl.|||p| |||| 00| 00por d
040 _aBR-BrBNA
_bpor
_cBiblioteca Nacional de Agricultura
041 _a(Pt)
072 _aL50; L36
100 1 _aManzano, A.
100 1 _aNovaes, N.J.
100 1 _aManzano, M.F.F.L.
245 1 _aComparacao entre coeficientes de digestibilidade de racoes com feno de alfafa e feno de rhodes em equinos [Medicago sativa; Chloris gayana]
650 _aEQUINO
650 _aALFAFA
650 _aCAPIM DE RHODES
650 _aDIGESTIBILIDADE
773 0 _tPesquisa Agropecuaria Brasileira (Brazil)
_xISSN 0100-204X
_g(1978), v. 13(4) p. 91-99
_wBR7903961
909 _a202311
_bLúcia
_c55
_dLúcia Elande
942 _2AGRIS
_n0
_cANA
999 _c101317
_d101317